000 00405nam a2200133Ia 4500
008 151001s9999||||xx |||||||||||||| ||und||
100 _aसुदर्शन भाटीया
245 _aअनुपम तथा अनमोल भारतीय नारी कोश
250 _a1
260 _bमित्तल एंड सन्स
260 _c2011
300 _a111
365 _b21
999 _c999478
_d999475